Savior - Rise Against - All Lyrics - Statistics

General Stats
  • This quiz has been taken 177 times
  • The average score is 278 of 386
Answer Stats
Lyric % Correct
I
100%
a
97%
me
97%
no
97%
but
96%
to
96%
just
95%
the
95%
this
95%
know
94%
an
93%
for
93%
not
92%
we
92%
you
92%
It
91%
it
91%
kills
91%
of
91%
she
91%
how
89%
do
88%
eyes
88%
forgotten
88%
when
88%
color
87%
her
87%
and
86%
got
86%
so
86%
that
86%
don't
85%
save
85%
them
85%
what
85%
scars
84%
were
84%
all
80%
hate
80%
there
80%
love
78%
tell
78%
I've
77%
still
77%
want
77%
have
76%
is
76%
said
75%
left
73%
I'm
72%
girl
68%
or
68%
questions
68%
something
68%
then
68%
world
67%
get
66%
in
66%
out
66%
there's
66%
while
66%
has
65%
now
65%
answer
64%
if
60%
that's
60%
aging
59%
boy
59%
tear
59%
told
59%
as
58%
like
58%
'cause
57%
cause
57%
ain't
56%
single
56%
telling
56%
dropping
55%
face
55%
signs
55%
my
51%
time
51%
age
50%
on
50%
place
50%
through
50%
will
50%
present
49%
put
47%
seconds
47%
down
45%
reconciliation
45%
can't
43%
these
39%
valleys
39%
break
38%
failing
37%
your
37%
day
36%
man
36%
ring
36%
until
36%
constantly
35%
disappear
34%
ever
34%
wait
34%
words
34%
does
33%
drink
32%
hurricanes
32%
rain
32%
say
32%
seldom
32%
true
32%
under
32%
us
32%
crushing
31%
memories
31%
days
28%
hand
28%
deafen
27%
fingers
27%
had
27%
nothing
26%
draining
25%
dying
25%
understand
25%
too
24%
walls
23%
again
22%
one
21%
never
19%
once
19%
pressed
19%
takes
19%
weights
19%
choice
18%
into
18%
miles
18%
sand
18%
away
17%
held
16%
much
16%
thousand
16%
flesh
14%
uncurled
14%
noise
12%
bathed
10%
brand
8%
lames
0%
No matching quizzes found
Score Distribution
Percent of People with Each Score
Percentile by Number Answered
Your Score History
You have not taken this quiz